000 00639nam a22002177a 4500
005 20170124110154.0
010 _aA-710556
020 _c45.00
035 _aA-710556
037 _bCen Lib/Ret
040 _aDPL
_bEN
082 _a181.495
_bMCG
100 _aMcgovern, William Montgomery
_934699
245 _aA manual of buddhist philosophy /
_cby William Montgomery Mcgovern
260 _aLucknow
_c1976
_bOriental reprinters
270 _bLucknow
_a72, Hazrat ganj
300 _a205p.
_c221cm(Hb)
650 _aPhilosophy
_9102086
650 _aBuddhist philosophy
_9102087
942 _2ddc
_cEN
_h181.495
_mMCG
999 _c132438
_d132438